LIBRARY & INFORMATION CENTRE, KCAET, TAVANUR

ONLINE PUBLIC ACCESS CATALOGUE (OPAC)

Lasers in analytical atomic spectroscopy / (Record no. 10416)

MARC details
000 -LEADER
fixed length control field 00489cam a2200181ua 4500
020 ## - INTERNATIONAL STANDARD BOOK NUMBER
ISBN 1 56081 907 3
041 ## - LANGUAGE CODE
Language code of text/sound track or separate title eng
082 ## - DEWEY DECIMAL CLASSIFICATION NUMBER
Classification number 543.0873
Item number SNE/LA
100 ## - MAIN ENTRY--AUTHOR NAME
Personal name Snedden, Joseph .
245 ## - TITLE STATEMENT
Title Lasers in analytical atomic spectroscopy /
260 ## - PUBLICATION, DISTRIBUTION, ETC. (IMPRINT)
Place of publication Weinheim :
Name of publisher V C H publishers Inc ,
Year of publication 1997.
300 ## - PHYSICAL DESCRIPTION
Number of Pages 275 ; .
700 1# - ADDED ENTRY--PERSONAL NAME
Personal name Lee, Yong-ill .
700 1# - ADDED ENTRY--PERSONAL NAME
Personal name Thiem, Terry L .
942 ## - ADDED ENTRY ELEMENTS (KOHA)
Koha item type Books
Holdings
Withdrawn status Lost status Damaged status Home library Current library Date acquired Full call number Accession Number Koha item type
Withdrawn     KAUAET KAUAET 07/04/2012 543.0873 19904 Books
free website counter